01125 2200337 4500001002100000005001500021035002000036336002100056337002300077338003800100040002200138100003400160245010000194300003100294504003100325020002200356082001500378084001700393264002800410650002400438852002000462856007600482007000300558008004100561500006900602700002500671700003500696850001200731990002200743990002200765INLIS00000000087398320220926115237 a0010-0922001511 2rdacontentateks 2rdamediaakomputer 2rdacarrierasumber sambung jaring aYOPDYOGbinderda0 aKomarudin Ibnu Mikamepenulis10aKisah 10 Abdullah /cpenulis, Komarudin Ibnu Mikam, Fathurahman; ilustrator, Joko Setyo Purnomo a1 berkas komputer (1,9 MB) aBibliografi: halaman 47-50 a978-979-22-4566-004223a297.18 a297.18 KOM k31aJakarta :bKalil,c2009 4aCerita-cerita islam8 aaplikasi iJogja40ahttp://ijogja.id /publications/books/20983nPerpustakaan Digital iJogjata220926s2009 jkia bs 1 ind d aUntuk mengakses buku ini silakan unduh aplikasi http://ijogja.id0 aFathurahmanepenulis0 aJoko Setyo Purnomoeilustrator aYOPDYOG a003471-EPD/B.2017 a003472-EPD/B.2017